书目信息 |
| 题名: |
挥发性有机物监测技术
|
|
| 作者: | 孙也 编著 | |
| 分册: | ||
| 出版信息: | 北京 化学工业出版社 2018 |
|
| 页数: | 272页 | |
| 开本: | 24cm | |
| 丛书名: | ||
| 单 册: | ||
| 中图分类: | X513 | |
| 科图分类: | ||
| 主题词: | 挥发性有机物--hui fa xing you ji wu--监测 | |
| 电子资源: | ||
| ISBN: | 978-7-122-32195-4 | |
| 000 | 00993cam0 2200253 450 | |
| 001 | 012001003023 | |
| 005 | 20140126142339.0 | |
| 010 | @a978-7-122-32195-4@dCNY88.00 | |
| 099 | @aCAL 012018186610 | |
| 100 | @a20181030d2018 em y0chiy50 ea | |
| 101 | 0 | @achi |
| 102 | @aCN@b110000 | |
| 105 | @aa a 000yy | |
| 106 | @ar | |
| 200 | 1 | @a挥发性有机物监测技术@Ahui fa xing you ji wu jian ce ji shu@f孙也编著 |
| 210 | @a北京@c化学工业出版社@d2018 | |
| 215 | @a272页@c图@d24cm | |
| 320 | @a有书目 (第270-272页) | |
| 330 | @a本书较为系统地介绍了挥发性有机物(VOCs)离线和在线监测技术,并力求反映国内外挥发性有机物环境监测技术最新进展。主要内容包括:挥发性有机物监测标准方法和监测技术指南分析、挥发性有机物分析技术基础、挥发性有机物离线监测技术、挥发性有机物在线监测技术和挥发性有机物监测未来发展趋势等。 | |
| 606 | 0 | @a挥发性有机物@Ahui fa xing you ji wu@x监测 |
| 690 | @aX513@v5 | |
| 701 | 0 | @a孙也@Asun ye@4编著 |
| 801 | 0 | @aCN@b北京卓展@c20191020 |
| 905 | @b1210120-3@dX513@e209@f4 | |
| 挥发性有机物监测技术/孙也编著.-北京:化学工业出版社,2018 |
| 272页:图;24cm |
| ISBN 978-7-122-32195-4:CNY88.00 |
| 本书较为系统地介绍了挥发性有机物(VOCs)离线和在线监测技术,并力求反映国内外挥发性有机物环境监测技术最新进展。主要内容包括:挥发性有机物监测标准方法和监测技术指南分析、挥发性有机物分析技术基础、挥发性有机物离线监测技术、挥发性有机物在线监测技术和挥发性有机物监测未来发展趋势等。 |
| ● |
| 相关链接 |
|
|
|
|
正题名:挥发性有机物监测技术
索取号:X513/209
 
预约/预借
| 序号 | 登录号 | 条形码 | 馆藏地/架位号 | 状态 | 备注 |
| 1 | 1210120 | 212101205 | 第二样本阅览室/ [索取号:X513/209] | 在馆 | |
| 2 | 1210121 | 212101214 | 第三借阅区/ [索取号:X513/209] | 在馆 | |
| 3 | 1210122 | 212101223 | 第三借阅区/ [索取号:X513/209] | 在馆 | |
| 4 | 1210123 | 212101232 | 第三借阅区/ [索取号:X513/209] | 在馆 |